Guess the Candy! - Statistics

General Stats
  • This quiz has been taken 912 times
  • The average score is 8 of 14
Answer Stats
Picture Answer % Correct
Skittles
90%
Twix
90%
Reese's
84%
Candy Cane
82%
Snickers
80%
Starburst
79%
Sour Patch
77%
Twizzlers
76%
Mike and Ike
51%
Fun Dip
50%
Tootsie Roll
27%
Razzles
15%
Cany Corn
6%
Cookies n Cream Hershey
4%
No matching quizzes found
Score Distribution
Percent of People with Each Score
Percentile by Number Answered
Your Score History
You have not taken this quiz